00858 2200265 4500001002100000005001500021035002000036007000300056008004100059020002200100082001400122084002000136100003800156245009900194250001000293260003200303300005900335500007000394650003400464700002000498700002000518700002000538700001800558700001600576INLIS00000000000346320190521104141 a0010-0519000055ta190521 g 0 ind  a978-979-3407-97-2 a297.122 6 a297.122 6 ABD t0 aABDURRAHMAN, bin Nashir as- Sa'id1 aTafsir Al-Qur'an :bSurat: An-Nisa', Al-Mai'idah, Al-An'am /cAbdurrahman bin Nashir as- Sa'id acet.7 aJakarta :bDarul Haq,c2016 avi, 574 hlm ;cJild. 2, 25 cm.-- Serial Buki DH Ke-247 aJudul asli: Taisir al- Karim ar- Rahman fi Tafsir Kalam al-Mannan 4aTAFSIR AL-QUR'AN. AGAMA ISLAM0 aMUHAMMAD, Iqbal0 aIZZUDIN, Karimi0 aMUHAMMAD, Ashim0 aMUSTOFA, Aini0 aZUHDI, Amin